00374nam a2200145 a 450000500170000000800410001702000180005805000180007624500150009426000530010930000160016244000110017865000150018965000240020420140412111248.0010924s19uu xx 00 eng d a0-7214-3592-0 aERbPe44 1996 aPeter pan. aLeicestershire, UK :bLadybird Books Ltd,c1996. a43p. ; ill. aDisney aAdventures aChlildren's stories